Adana sanayi tarihi (Record no. 4542)

MARC details
000 -BAŞLIK
Sabit Uzunlukta Kontrol Alanı 00683na a2200253 4500
001 - KONTROL NUMARASI
Denetim Alanı 21888
003 - KONTROL NUMARASI IDENTIFIER
Denetim Alanı MIRAKIL
005 - SON İŞLEM TARİHİ VE ZAMANI
Denetim Alanı 20181213155009.0
008 - SABİT-BOY VERİ ELEMANLARI - GENEL BİLGİLER
Sabit Uzunlukta Kontrol Alanı 170208b tu 000 0
020 ## - ULUSLARARASI STANDART KİTAP NUMARASI
Uluslararası Standart Kitap Numarası 9789944602822
040 ## - KATALOGLAMA KAYNAK
Orijinal Kataloglama Ajansı Milas
Kataloglama Dili tur
Metne Dönüştürmek Ajansı TR-AnCHP
041 ## - DİL KODU
Metin / Ses Parça Veya Ayrı Başlığın Dil Kodu tur
082 ## - DEWEY ONLU SINIFLANDIRMA NUMARASI
Sınıflandırma Numarası 338.6409
Ürün Numarası A22 2008
090 ## - SINIFLAMA NUMARASI
Sınıflama Numarası 338.6409 A22 2008
245 ## - BAŞLIK TABLOSU
Başlık Adana sanayi tarihi
Sorumluluk Tablosu, Vb Adana Sanayi Odası
260 ## - YAYIN, DAĞITIM, VB
Yayın, Dağıtım, Vb Yeri Adana
Yayıncı, Dağıtıcı, Vs Adı Adana Sanayi Odası
Yayın, Dağıtım, Vb Tarihi 2008
300 ## - FİZİKSEL TANIM
Kapsam 224 s.
Diğer Fiziksel Ayrıntıları res.; fotğ.; hrt.
Boyutlar 25x27 sm.
610 ## - KONU KATMA GİRİŞ - TOPLANTI ADI
Giriş Elemanı Olarak Kurumsal Ad Veya Yargı Alanı Adı Adana Sanayi Odası
650 ## - KONU KATMA GİRİŞ - TOPİKAL DÖNEM
Topikal Süreli Veya Coğrafi Ad Giriş Elemanı Sanayi
Genel Alt Bölümü Tarih
Coğrafi Alt Bölümü Adana
651 ## - KONU KATMA GİRİŞ - COĞRAFİ ADI
Coğrafi İsim Adana
Genel Alt Bölümü Sanayi
710 ## - KATMA GİRİŞ - KURUMSAL ADI
Giriş Elemanı Olarak Kurumsal Ad Veya Yargı Alanı Adı Adana Sanayi Odası
942 ## - EKLENDİ GİRİŞ ELEMANLARI (KOHA)
Sınıflandırma Veya Raf Düzeni Kaynak Dewey Decimal Classification
Koha Öğesi Türü Books
999 ## - SİSTEM KONTROL NUMARALARI (KOHA)
Koha Biblionumber 4542
Koha Biblioitemnumber 4542
657 ## - INDEX SÜRE - İŞLEVİ
-- Sanayi tarihi
Holdings
Kalıcı Konum Mevcut Konum Edinme Tarihi Edinim Kaynak Seri Numaralandırma / Kronolojik Toplam Check-Out'Lar Tam Çağrı Numarası Barkod Tarih Son Görülme İtibaren Geçerli Fiyatlar Koha Öğesi Türü
CHP Kütüphanesi CHP Kütüphanesi 02/08/2017 Bağış c.2   338.6409 A22 2008 012934 02/08/2017 02/08/2017 Books